Statistics for Most Capped International Footballers(Soccer) for Chile

Click here to take the quiz!

General Stats

  • This quiz has been taken 75 times
  • The average score is 10 of 25

Answer Stats

RankCapsYearsAnswer% Correct
41162007-Arturo Vidal
97%
11332006-Alexis Sánchez
94%
9851955-'68Leonel Sánchez
89%
31232004-Claudio Bravo
84%
21262007-Gary Medel
68%
8922009-Eduardo Vargas
63%
17691987-'01Iván Zamorano
59%
15701994-'07Marcelo Salas
59%
10792009-Charles Aránguiz
49%
51152007-Mauricio Isla
48%
12742005-'18Matías Fernández
43%
71072004-'19Jean Beausejour
37%
23612011-'17Marcelo Díaz
37%
51152006-'19Gonzalo Jara
35%
25602005-'13Humberto Suazo
33%
10792004-'17Jorge Valdivia
32%
13731994-'05Nelson Tapia
16%
23611995-'04Clarence Acuña
10%
21631990-'00Javier Margas
10%
17691990-'01Fabián Estay
6%
19671999-'12Pablo Contreras
6%
22621991-'03Miguel Ramírez
5%
20651964-'73Pedro Araya
3%
14711960-'72Alberto Fouillioux
2%
15701959-'66Luis Eyzaguirre
2%

Score Distribution

Percentile by Number Answered

Percent of People with Each Score

Your Score History

You have not taken this quiz